Datum a čas kvízu
31
Celkem bodů
Celkový počet nahraných bodů na tomto kvízu bez doplňovacích otázek.
9.
Pořadí na kvízu
Konečné umístění týmu na tomto kvízu.
Zaznamenané odpovědi
| # | Otázka | Odpověď | Body | Výsledky |
|---|---|---|---|---|
| 1. | Sociální demokraté si na svém... | Ondřej Veselý, Michal Šmarda, Jana Maláčová, Tomáš Petříček, Roman Onderka | 1 | |
| 2. | Hasiči z hesenského Bensheimu... | krysu | 0 | |
| 3. | Jistá služba internetového úlo... | Ulož.to | 1 | |
| 4. | Irský oděvní řetězec, populárn... | Primark | 1 | |
| 5. | Jediným českým medailistou na... | vrhu koulí | 0 | |
| 6. | Karlovy Vary, Kutná Hora, Klad... | Klatovy | 1 | |
| 7. | Oganesson, xenon, radon, argon... | neon | 1 | |
| 8. | Babiš, Sobotka, Zeman, Topolán... | Josef Tošovský | 1 | |
| 9. | Bohdalová, Kubišová, Rettigová... | Božena Němcová | 1 | |
| 10. | Komedie omylů, Zkrocení zlé že... | Veselé paničky windsorské | 1 |